Tố Hữu Giúp học sinh học tốt môn Văn. Để giáo viên tham khảo đọc thêm. Dành cho những người yêu văn thơ

Gardado en:
Detalles Bibliográficos
Autor Principal: Tố Hữu
Outros autores: Nguyễn Kim Phong Lê Lưu Oanh (tuyển chọn và biên soạn)
Formato: Libro
Idioma:Vietnamese
Publicado: H. Giáo dục 1997
Series:Nhà văn và tác phẩm trong nhà trường phổ thông
Các nhãn: Engadir etiqueta
Sen Etiquetas, Sexa o primeiro en etiquetar este rexistro!
Thư viện lưu trữ: Mạng thư viện Đại học Đà Nẵng
LEADER 01228nam a2200313 4500
001 000014430
003 10795
005 20120426150438.0
008 120426s1997 viesd
020 |c 8000 
041 0 |a vie 
082 |a 895.92209  |b TÔ-H 
100 0 |a Tố Hữu 
245 0 |a Tố Hữu  |b Giúp học sinh học tốt môn Văn. Để giáo viên tham khảo đọc thêm. Dành cho những người yêu văn thơ  |c Lê Lưu Oanh  |c Nguyễn Kim Phong 
260 |a H.  |b Giáo dục  |c 1997 
300 |a 160 tr.  |c 20 cm 
490 |a Nhà văn và tác phẩm trong nhà trường phổ thông 
500 |a ĐTTS: Bộ sách mở rộng và nâng cao kiến thức 
700 |a Nguyễn Kim Phong  |a Lê Lưu Oanh  |e tuyển chọn và biên soạn 
OWN |a LSP 
AVA |a UDN50  |b LSP  |d 895.92209 TÔ-H  |e available  |t Error 5001 Not defined in file expand_doc_bib_avail.  |f 2  |g 0  |h N  |i 0  |k 1 
999 |a From the UDN01 
AVA |a UDN50  |b LSP  |d 895.92209 TÔ-H  |e available  |t Error 5001 Not defined in file expand_doc_bib_avail.  |f 2  |g 0  |h N  |i 0  |k 1 
TYP |a Monograph 
TYP |a Printed language 
980 |a Mạng thư viện Đại học Đà Nẵng